[Event "Montcalm 5 2025-26"]
[Site "Quebec CAN"]
[Date "2026.02.19"]
[Round "2"]
[White "Plante, Rejean"]
[Black "Dube, Dominic"]
[Result "1-0"]
[WhiteElo "1952"]
[BlackElo "1770"]
[WhiteFideId "-1"]
[BlackFideId "-1"]
[PlyCount "88"]
[GameId "2280691593327471"]
[EventDate "2026.02.12"]
[EventType "swiss"]
[EventRounds "5"]
[EventCountry "CAN"]

1. c4 c6 2. d4 d5 3. e3 Bf5 4. Nc3 e6 5. Nf3 Nd7 6. Bd3 Bxd3 7. Qxd3 Bd6 8. e4 dxe4 9. Nxe4 Bb4+ 10. Bd2 Bxd2+ 11. Qxd2 Ndf6 12. Ng3 Ne7 13. O-O Qc7 14. b4 Rd8 15. Rfe1 O-O 16. Rad1 Ng6 17. Qc3 Rc8 18. Rc1 Qf4 19. Re3 h5 20. Ne5 Nxe5 21. dxe5 Ng4 22. Re2 h4 23. Nf1 Rfd8 24. h3 Nh6 25. Nh2 Nf5 26. Nf3 Nd4 27. Re3 c5 28. b5 Nf5 29. Re2 Rd7 30. Rce1 Nd4 31. Re3 Rcd8 32. Nh2 Qf5 33. Re4 Nc2 34. R1e2 Rd1+ 35. Nf1 Nd4 36. R2e3 Qg6 37. Re1 Rxe1 38. Rxe1 Qh5 39. Qd3 Qg5 40. Qc3 Qg6 41. Nh2 Nc2 42. Rc1 Nb4 43. Ra1 Rd3 44. Qb2 Rxh3 1-0

[Event "Montcalm 5 2025-26"]
[Site "Quebec CAN"]
[Date "2026.02.19"]
[Round "2"]
[White "Gaulin, Gaetan"]
[Black "Fecteau, Martin"]
[Result "1-0"]
[WhiteElo "1862"]
[BlackElo "1802"]
[WhiteFideId "-1"]
[BlackFideId "-1"]
[PlyCount "37"]
[GameId "2280691593327472"]
[EventDate "2026.02.12"]
[EventType "swiss"]
[EventRounds "5"]
[EventCountry "CAN"]

1. d4 d5 2. Bf4 e6 3. e3 c5 4. c3 Nc6 5. Nd2 Nf6 6. Ngf3 Be7 7. h3 O-O 8. Bd3 cxd4 9. exd4 h6 10. Qe2 Nh5 11. Bh2 g6 12. g4 Ng7 13. O-O-O a6 14. Qe3 g5 15. h4 f5 16. hxg5 hxg5 17. Be5 Nxe5 18. Nxe5 Re8 19. Qh3 1-0

[Event "Montcalm 5 2025-26"]
[Site "Quebec CAN"]
[Date "2026.02.19"]
[Round "2"]
[White "Dube, Daniel"]
[Black "Cantin, Guillaume"]
[Result "1-0"]
[WhiteElo "1840"]
[BlackElo "1629"]
[WhiteFideId "-1"]
[BlackFideId "-1"]
[PlyCount "45"]
[GameId "2280691593327473"]
[EventDate "2026.02.12"]
[EventType "swiss"]
[EventRounds "5"]
[EventCountry "CAN"]

1. Nf3 Nf6 2. g3 g6 3. Bg2 Bg7 4. d4 d5 5. O-O O-O 6. c4 c6 7. a4 Bf5 8. Nc3 Nbd7 9. cxd5 cxd5 10. Ne5 e6 11. f3 h5 12. h3 Qb6 13. a5 Qd8 14. Nxd7 Qxd7 15. g4 hxg4 16. hxg4 Bxg4 17. fxg4 Nxg4 18. Bf4 Qe7 19. e3 Qh4 20. Rf3 Bh6 21. Rh3 Qf2+ 22. Kh1 Bxf4 23. Qxg4 1-0

[Event "Montcalm 5 2025-26"]
[Site "Quebec CAN"]
[Date "2026.02.19"]
[Round "2"]
[White "Dumont, Eric"]
[Black "Audouze, Oscar"]
[Result "0-1"]
[WhiteElo "1648"]
[BlackElo "1844"]
[WhiteFideId "-1"]
[BlackFideId "-1"]
[PlyCount "62"]
[GameId "2280691593327474"]
[EventDate "2026.02.12"]
[EventType "swiss"]
[EventRounds "5"]
[EventCountry "CAN"]

1. d4 e6 2. Bf4 c5 3. e3 Nf6 4. Nd2 d5 5. c3 Bd6 6. dxc5 Bxf4 7. Qa4+ Nbd7 8. Qxf4 Nxc5 9. Ngf3 O-O 10. Be2 Bd7 11. Ne5 Rb8 12. O-O b5 13. b3 Qe7 14. Qh4 Qd6 15. f4 Nce4 16. Ndf3 Nxc3 17. Bd3 b4 18. Ng5 h6 19. Rf3 Bb5 20. Bxb5 Rxb5 21. Rh3 d4 22. Nc4 Qd5 23. e4 Nfxe4 24. Nxe4 Nxe4 25. Rd1 Nc3 26. Rdd3 Rbb8 27. Ne5 Qe4 28. Qf2 Ne2+ 29. Kf1 Nxf4 30. Nd7 Nxd3 31. Qd2 Qf4+ 0-1

[Event "Montcalm 5 2025-26"]
[Site "Quebec CAN"]
[Date "2026.02.19"]
[Round "2"]
[White "Michaud, Jacques"]
[Black "Perreault, Jacquelin"]
[Result "0-1"]
[WhiteElo "1434"]
[BlackElo "1757"]
[WhiteFideId "-1"]
[BlackFideId "-1"]
[PlyCount "114"]
[GameId "2280691593327475"]
[EventDate "2026.02.12"]
[EventType "swiss"]
[EventRounds "5"]
[EventCountry "CAN"]

1. Nf3 Nf6 2. d4 d5 3. Bg5 Bf5 4. e3 e6 5. Bd3 Be7 6. Bxf5 exf5 7. O-O Nbd7 8. Qd3 Ne4 9. Bf4 c6 10. Ne5 Nxe5 11. Bxe5 f6 12. Bf4 Qd7 13. f3 Nd6 14. Nd2 O-O 15. c4 Nxc4 16. Nxc4 dxc4 17. Qxc4+ Qd5 18. Qxd5+ cxd5 19. Rac1 Rac8 20. Rc7 Rxc7 21. Bxc7 Rc8 22. Ba5 Kf7 23. Bc3 b5 24. a3 Bxa3 25. Ra1 b4 26. Bd2 Bxb2 27. Rxa7+ Kg6 28. Bxb4 Bc1 29. Bc5 Bxe3+ 30. Kf1 Rb8 31. Rd7 f4 32. Rxd5 Rb1+ 33. Ke2 Rb2+ 34. Kd3 Rxg2 35. h4 h5 36. Ke4 Rh2 37. Rd7 Rg2 38. Bf8 Kh7 39. d5 Kg8 40. Bd6 g5 41. hxg5 fxg5 42. Rd8+ Kh7 43. Rd7+ Kg6 44. Be5 g4 45. Rd6+ Kh7 46. Rd7+ Kg8 47. Rd8+ Kf7 48. d6 Rd2 49. Rd7+ Ke8 50. Re7+ Kd8 51. Bf6 Rxd6 52. Re6+ Kd7 53. Re7+ Kc6 54. Be5 Rg6 55. fxg4 hxg4 56. Bxf4 Bc5 57. Bg3 Bxe7 0-1

[Event "Montcalm 5 2025-26"]
[Site "Quebec CAN"]
[Date "2026.02.19"]
[Round "2"]
[White "Boissinot, Claude"]
[Black "Lescarbeau, Martin"]
[Result "0-1"]
[WhiteElo "1356"]
[BlackElo "1750"]
[WhiteFideId "-1"]
[BlackFideId "-1"]
[PlyCount "74"]
[GameId "2280691593327476"]
[EventDate "2026.02.12"]
[EventType "swiss"]
[EventRounds "5"]
[EventCountry "CAN"]

1. e4 e6 2. d4 d5 3. Nc3 Bb4 4. Nge2 Nf6 5. e5 Nfd7 6. a3 Be7 7. b4 a5 8. b5 c5 9. f4 O-O 10. dxc5 Nxc5 11. Bd2 Nbd7 12. Ng3 f6 13. f5 Nxe5 14. Bf4 d4 15. Nce4 exf5 16. Nxc5 Bxc5 17. Qh5 Re8 18. Kd2 Qe7 19. Nxf5 Bb4+ 20. Kd1 Bxf5 21. Qxf5 Ng6 22. Bc4+ Kh8 23. axb4 axb4 24. Rxa8 Rxa8 25. Bc1 Ne5 26. Bb3 Qc5 27. Re1 Rd8 28. Bb2 Qd6 29. Qe6 Qc5 30. Re4 d3 31. Rd4 dxc2+ 32. Bxc2 Rxd4+ 33. Bxd4 Qxd4+ 34. Kc1 Qd7 35. Qb6 Qe7 36. Qa5 g6 37. Bb3 Kg7 0-1

[Event "Montcalm 5 2025-26"]
[Site "Quebec CAN"]
[Date "2026.02.19"]
[Round "2"]
[White "Sarra-Bournet, Marc"]
[Black "Fleury, Dominic"]
[Result "0-1"]
[WhiteElo "1731"]
[BlackElo "1335"]
[WhiteFideId "-1"]
[BlackFideId "-1"]
[PlyCount "112"]
[GameId "2280691593327477"]
[EventDate "2026.02.12"]
[EventType "swiss"]
[EventRounds "5"]
[EventCountry "CAN"]

1. e4 e5 2. Nf3 Nf6 3. Nxe5 d6 4. Nf3 Nxe4 5. Bc4 d5 6. Bb3 Bc5 7. d4 Bb6 8. O-O O-O 9. Be3 c6 10. Nbd2 Bf5 11. Nxe4 Bxe4 12. Ng5 Bg6 13. c3 Nd7 14. Qd2 Nf6 15. f3 Bc7 16. Nh3 Qd6 17. Bf4 Qd7 18. Rae1 Rae8 19. Be5 Bd8 20. Nf4 Nh5 21. Nxg6 fxg6 22. Bc2 Bf6 23. f4 Rf7 24. f5 Bxe5 25. dxe5 gxf5 26. Bd1 g6 27. Bxh5 gxh5 28. Qg5+ Kh8 29. Qxh5 Qe6 30. a3 Qg6 31. Qh3 f4 32. e6 Rfe7 33. Rxf4 Rxe6 34. Rxe6 Rxe6 35. Rf8+ Kg7 36. Qf5 Re2 37. Qxg6+ Kxg6 38. Rf2 Re1+ 39. Rf1 Rxf1+ 40. Kxf1 b5 41. Ke2 Kf5 42. Ke3 c5 43. b4 c4 44. Kd4 Kf4 45. g4 Kxg4 46. Kxd5 h5 47. Kc5 Kh3 48. Kxb5 Kxh2 49. Kxc4 Kg3 50. Kb5 h4 51. c4 h3 52. c5 h2 53. Ka6 h1=Q 54. Kxa7 Qc6 55. Kb8 Kf4 56. a4 Ke5 0-1

[Event "Montcalm 5 2025-26"]
[Site "Quebec CAN"]
[Date "2026.02.19"]
[Round "2"]
[White "Bergeron, Normand"]
[Black "Pepin, Pierre-Luc"]
[Result "1-0"]
[WhiteElo "1692"]
[BlackElo "1186"]
[WhiteFideId "-1"]
[BlackFideId "-1"]
[PlyCount "83"]
[GameId "2280691593327478"]
[EventDate "2026.02.12"]
[EventType "swiss"]
[EventRounds "5"]
[EventCountry "CAN"]

1. e4 e6 2. c4 d5 3. cxd5 exd5 4. exd5 Nf6 5. Nc3 Nxd5 6. Qa4+ c6 7. Qe4+ Qe7 8. Bc4 Qxe4+ 9. Nxe4 Nb6 10. Bb3 Be7 11. Ne2 O-O 12. O-O N8d7 13. d4 h6 14. N2g3 Nf6 15. f4 Nxe4 16. Nxe4 Bf5 17. Ng3 Bd3 18. Rf3 Bc4 19. Bc2 Rfe8 20. Nf5 Bf6 21. Be3 Rad8 22. Rg3 Kf8 23. Kf2 Be6 24. Nxh6 gxh6 25. f5 Bc8 26. Bxh6+ Ke7 27. Re1+ Kd7 28. Be3 Rh8 29. Bg5 Bxd4+ 30. Kf3 Rdf8 31. Rd1 c5 32. b4 Kc6 33. Be4+ Kb5 34. Be7 Re8 35. f6 Rxh2 36. bxc5 Bxc5 37. Rb1+ Kc4 38. Rc1+ Kd4 39. Bxc5+ Ke5 40. Be7 Rh4 41. Rg5+ Ke6 42. Bf5+ 1-0

[Event "Montcalm 5 2025-26"]
[Site "Quebec CAN"]
[Date "2026.02.19"]
[Round "2"]
[White "Lapierre, Gaetan"]
[Black "Beland, Philippe"]
[Result "0-1"]
[WhiteElo "1636"]
[BlackElo "1045"]
[WhiteFideId "-1"]
[BlackFideId "-1"]
[PlyCount "102"]
[GameId "2280691593364343"]
[EventDate "2026.02.12"]
[EventType "swiss"]
[EventRounds "5"]
[EventCountry "CAN"]

1. e4 c6 2. d4 d5 3. Nd2 dxe4 4. Nxe4 Nf6 5. Nxf6+ exf6 6. Be2 Bd6 7. Nf3 O-O 8. O-O Be6 9. Be3 Nd7 10. Qd2 Qc7 11. c4 Rfe8 12. h3 b6 13. d5 cxd5 14. cxd5 Bf5 15. Nd4 Bg6 16. Nb5 Bh2+ 17. Kh1 Qe5 18. Bf3 a6 19. Nc3 Qd6 20. g3 Bxg3 21. fxg3 Qxg3 22. Rae1 Qxh3+ 23. Qh2 Qxh2+ 24. Kxh2 b5 25. Bd4 Ne5 26. Bxe5 fxe5 27. d6 Rad8 28. Bc6 Re6 29. Rd1 Rexd6 30. Rxd6 Rxd6 31. Rd1 Rxd1 32. Nxd1 Kf8 33. a3 Ke7 34. Nc3 Bd3 35. Bb7 a5 36. Bc6 Kd6 37. Bxb5 Bxb5 38. Nxb5+ Kc5 39. Nc3 Kc4 40. Na2 Kb3 41. Nc1+ Kc2 42. b4 axb4 43. axb4 Kxc1 44. Kg2 Kd2 45. b5 e4 46. b6 e3 47. b7 e2 48. b8=Q e1=Q 49. Qb2+ Kd3 50. Qxg7 Qe4+ 51. Kf2 Qd4+ 0-1

[Event "Montcalm 5 2025-26"]
[Site "Quebec CAN"]
[Date "2026.02.19"]
[Round "2"]
[White "Simard, Rejean"]
[Black "Oliver, Vance"]
[Result "0-1"]
[WhiteElo "1013"]
[BlackElo "1431"]
[WhiteFideId "-1"]
[BlackFideId "-1"]
[PlyCount "66"]
[GameId "2280691593364344"]
[EventDate "2026.02.12"]
[EventType "swiss"]
[EventRounds "5"]
[EventCountry "CAN"]

1. d4 Nf6 2. e3 d5 3. Bd3 Nc6 4. Nf3 b6 5. a3 Bb7 6. Nbd2 e6 7. b3 Be7 8. Bb2 O-O 9. O-O Nd7 10. Re1 Bf6 11. c3 e5 12. dxe5 Ncxe5 13. Bf1 Re8 14. Rb1 Nf8 15. h3 Nfg6 16. g3 a5 17. Bg2 Nd3 18. Rf1 Nxb2 19. Rxb2 Bxc3 20. Rc2 Bf6 21. Qb1 Ba6 22. Rfc1 Bd3 23. Bf1 Bxc2 24. Rxc2 Qd6 25. a4 Rab8 26. Bb5 Re7 27. Qc1 c5 28. Nh2 Ne5 29. Qf1 Rd8 30. f4 Nc6 31. Ng4 Nb4 32. Nxf6+ Qxf6 33. Rc1 Rxe3 0-1

[Event "Montcalm 5 2025-26"]
[Site "Quebec CAN"]
[Date "2026.02.26"]
[Round "3"]
[White "Rainfray, Arnaud"]
[Black "Sauve, Richard"]
[Result "1-0"]
[WhiteElo "2336"]
[BlackElo "1812"]
[WhiteFideId "-1"]
[BlackFideId "-1"]
[PlyCount "57"]
[GameId "2283952154202464"]
[EventDate "2026.02.12"]
[EventType "swiss"]
[EventRounds "5"]
[EventCountry "CAN"]

1. d4 d5 2. c4 e6 3. Nc3 Nf6 4. cxd5 exd5 5. Bg5 Be7 6. e3 O-O 7. Bd3 Re8 8. Qc2 h6 9. Bh4 c6 10. Nge2 Nbd7 11. O-O Ne4 12. Bxe7 Qxe7 13. Rae1 Nxc3 14. bxc3 Nf6 15. Ng3 Be6 16. f3 Qa3 17. e4 dxe4 18. fxe4 Qxa2 19. Qc1 Qa5 20. Rxf6 gxf6 21. e5 Kf8 22. Nf5 Red8 23. exf6 Ke8 24. Re5 Qa2 25. Qf4 Qa1+ 26. Kf2 Qxc3 27. Rxe6+ fxe6 28. f7+ Kxf7 29. Qc7+ 1-0

[Event "Montcalm 5 2025-26"]
[Site "Quebec CAN"]
[Date "2026.02.26"]
[Round "3"]
[White "Genest, Dominic"]
[Black "Plante, Rejean"]
[Result "0-1"]
[WhiteElo "1802"]
[BlackElo "1952"]
[WhiteFideId "-1"]
[BlackFideId "-1"]
[PlyCount "164"]
[GameId "2283952154202466"]
[EventDate "2026.02.12"]
[EventType "swiss"]
[EventRounds "5"]
[EventCountry "CAN"]

1. c4 f5 2. g3 e6 3. Bg2 Nf6 4. Nf3 d5 5. O-O c6 6. d3 Bd6 7. Nc3 O-O 8. Bg5 h6 9. Bxf6 Qxf6 10. cxd5 exd5 11. e4 fxe4 12. dxe4 Bg4 13. Nxd5 cxd5 14. Qxd5+ Qe6 15. Qxe6+ Bxe6 16. Nd4 Bd7 17. e5 Bxe5 18. Bxb7 Bxd4 19. Bxa8 Bh3 20. Bg2 Bxg2 21. Kxg2 Bxb2 22. Rae1 Bd4 23. Re2 Bb6 24. f4 Nc6 25. Re4 Rd8 26. Rc1 Rd2+ 27. Kh3 Nd4 28. a4 Nf3 29. Rh1 h5 30. Rc4 g6 31. g4 Ng1+ 32. Kh4 Bd8+ 33. g5 Rg2 34. Rxg1 Rxg1 35. Rc8 Rd1 36. f5 Rd4+ 37. Kg3 gxf5 38. h4 Kf7 39. Rc6 Rxa4 40. Rh6 Rg4+ 41. Kh3 Bxg5 42. hxg5 Rxg5 43. Ra6 Rg4 44. Rxa7+ Kg6 45. Ra6+ Kg5 46. Ra3 Re4 47. Rb3 h4 48. Ra3 Re1 49. Rb3 Re4 50. Ra3 Kf6 51. Ra6+ Kg5 52. Ra3 Rf4 53. Rb3 Kf6 54. Rb6+ Ke5 55. Rb5+ Kd6 56. Ra5 Ke6 57. Ra6+ Kd5 58. Ra5+ Ke4 59. Ra4+ Ke3 60. Ra3+ Kd2 61. Ra2+ Kc3 62. Ra3+ Kb2 63. Re3 Kc2 64. Ra3 Kd2 65. Ra2+ Kc1 66. Ra3 Kb2 67. Re3 Kc2 68. Ra3 Rd4 69. Ra2+ Kd3 70. Ra3+ Ke2 71. Ra2+ Rd2 72. Ra4 Kf3 73. Kxh4 f4 74. Kg5 Rd5+ 75. Kh4 Re5 76. Ra3+ Re3 77. Ra5 Ke2 78. Kg4 f3 79. Rf5 Re4+ 80. Kh3 Re8 81. Kg4 Rg8+ 82. Kf4 Kf2 0-1

[Event "Montcalm 5 2025-26"]
[Site "Quebec CAN"]
[Date "2026.02.26"]
[Round "3"]
[White "Audouze, Oscar"]
[Black "Barrera, Eduardo"]
[Result "1/2-1/2"]
[WhiteElo "1844"]
[BlackElo "1950"]
[WhiteFideId "-1"]
[BlackFideId "-1"]
[PlyCount "58"]
[GameId "2283952154202467"]
[EventDate "2026.02.12"]
[EventType "swiss"]
[EventRounds "5"]
[EventCountry "CAN"]

1. d4 d5 2. c4 e6 3. Nc3 Nf6 4. cxd5 exd5 5. Bg5 c6 6. e3 h6 7. Bh4 Be7 8. Bd3 O-O 9. Nge2 Ne8 10. Bxe7 Qxe7 11. O-O Nd6 12. Qc2 Re8 13. b4 a6 14. a4 Nd7 15. b5 axb5 16. axb5 Rxa1 17. Rxa1 Nb6 18. bxc6 bxc6 19. Na4 Nbc4 20. Nb2 Nxb2 21. Qxb2 Bf5 22. Bxf5 Nxf5 23. Qc2 Qd7 24. Rc1 Rc8 25. Nf4 Nd6 26. Nd3 Nc4 27. Nb2 Nd6 28. Nd3 Nc4 29. Nb2 Nd6 1/2-1/2

[Event "Montcalm 5 2025-26"]
[Site "Quebec CAN"]
[Date "2026.02.26"]
[Round "3"]
[White "Perreault, Jacquelin"]
[Black "Drolet, Stephane"]
[Result "1-0"]
[WhiteElo "1757"]
[BlackElo "1896"]
[WhiteFideId "-1"]
[BlackFideId "-1"]
[PlyCount "57"]
[GameId "2283952154276196"]
[EventDate "2026.02.12"]
[EventType "swiss"]
[EventRounds "5"]
[EventCountry "CAN"]

1. e4 e6 2. d4 d5 3. Nd2 a6 4. Bd3 c5 5. c3 cxd4 6. cxd4 Nc6 7. exd5 Qxd5 8. Ngf3 Nxd4 9. O-O Nxf3+ 10. Nxf3 Nf6 11. Re1 b5 12. Re5 Qd8 13. Bg5 Bb7 14. Rxb5 axb5 15. Bxb5+ Ke7 16. Qb3 Qd5 17. Bc4 Qc6 18. Bb5 Qd6 19. Rd1 Bd5 20. Qe3 Rc8 21. Bf4 Qc5 22. Nd4 Kd8 23. b4 Qb6 24. a3 Bd6 25. Nxe6+ fxe6 26. Qxb6+ Bc7 27. Bxc7+ Rxc7 28. Qb8+ Rc8 29. Qd6+ 1-0

[Event "Montcalm 5 2025-26"]
[Site "Quebec CAN"]
[Date "2026.02.26"]
[Round "3"]
[White "Fleury, Dominic"]
[Black "Verge, Leo"]
[Result "0-1"]
[WhiteElo "1335"]
[BlackElo "1844"]
[WhiteFideId "-1"]
[BlackFideId "-1"]
[PlyCount "50"]
[GameId "2283952154276197"]
[EventDate "2026.02.12"]
[EventType "swiss"]
[EventRounds "5"]
[EventCountry "CAN"]

1. e4 e6 2. d4 d5 3. Nc3 Nf6 4. exd5 exd5 5. Bd3 Bd6 6. Nf3 O-O 7. O-O Bg4 8. Bg5 c6 9. Be2 Nbd7 10. Re1 Qb6 11. b3 Bxf3 12. Bxf3 Bb4 13. Na4 Qa5 14. Re2 b5 15. Nc5 Nxc5 16. dxc5 Bxc5 17. Bxf6 gxf6 18. Qd3 Rfe8 19. c3 Qb6 20. Rae1 Bxf2+ 21. Kf1 Bxe1 22. Kxe1 Qg1+ 23. Kd2 Qxh2 24. Qf5 Rxe2+ 25. Kxe2 Qe5+ 0-1

[Event "Montcalm 5 2025-26"]
[Site "Quebec CAN"]
[Date "2026.02.26"]
[Round "3"]
[White "Bluteau, Yvon"]
[Black "Bergeron, Nicolas"]
[Result "1-0"]
[WhiteElo "1802"]
[BlackElo "1703"]
[WhiteFideId "-1"]
[BlackFideId "-1"]
[PlyCount "47"]
[GameId "2283952154333542"]
[EventDate "2026.02.12"]
[EventType "swiss"]
[EventRounds "5"]
[EventCountry "CAN"]

1. Nf3 Nf6 2. b3 g6 3. Bb2 Bg7 4. c4 O-O 5. g3 c6 6. Bg2 d5 7. cxd5 cxd5 8. O-O Nc6 9. d4 Bg4 10. Nbd2 Rc8 11. Rc1 Qb6 12. h3 Bf5 13. g4 Bd7 14. e3 Nb4 15. Rxc8 Rxc8 16. Qb1 Bb5 17. Rc1 Rxc1+ 18. Bxc1 Qa6 19. a3 Nd3 20. a4 Nxc1 21. Qxc1 Be2 22. Ne5 e6 23. Qc8+ Bf8 24. Qc7 1-0

[Event "Montcalm 5 2025-26"]
[Site "Quebec CAN"]
[Date "2026.02.26"]
[Round "3"]
[White "Dube, Dominic"]
[Black "Oliver, Vance"]
[Result "0-1"]
[WhiteElo "1770"]
[BlackElo "1431"]
[WhiteFideId "-1"]
[BlackFideId "-1"]
[PlyCount "132"]
[GameId "2283952154333543"]
[EventDate "2026.02.12"]
[EventType "swiss"]
[EventRounds "5"]
[EventCountry "CAN"]

1. e4 d6 2. d4 g6 3. f4 Bg7 4. Nf3 a6 5. Bc4 Nf6 6. e5 Ng4 7. Bxf7+ Kxf7 8. Ng5+ Kg8 9. e6 c5 10. Qxg4 cxd4 11. Nf7 Qa5+ 12. Nd2 Qd5 13. Nxh8 Kxh8 14. O-O Bxe6 15. Qe2 Nc6 16. Nf3 Bf5 17. Rd1 b5 18. Nxd4 Nxd4 19. Qf2 Qc4 20. Be3 Ne2+ 21. Kh1 Bxb2 22. Rab1 Bg7 23. Rd2 Bxc2 24. Re1 Bd3 25. Rxd3 Qxd3 26. Rxe2 Rc8 27. h3 b4 28. Qf3 a5 29. Qb7 Qc4 30. Bd2 Bf6 31. Qf3 a4 32. Re4 Qxa2 33. Qg4 Rg8 34. Re2 Qb1+ 35. Re1 Qf5 36. Qd1 b3 37. g4 Qc2 38. Qxc2 bxc2 39. Re4 Rc8 40. Bc1 Rb8 41. Rc4 Rb1 42. Rxc2 a3 43. Kg2 Bb2 44. Bd2 Kg8 45. Rc8+ Kf7 46. Ra8 Rd1 47. Be3 Rd3 48. Kf2 Rb3 49. Ra4 Rc3 50. Ke2 Rc2+ {+} 51. Kf3 Rh2 52. Kg3 Rh1 53. Kg2 Ra1 54. f5 a2 55. Rf4 g5 56. Ra4 Bf6 57. Kf2 d5 58. Bd2 d4 59. Ke2 Be5 60. Bxg5 Bf6 61. Bf4 d3+ 62. Kd2 Rf1 63. g5 a1=Q 64. Rxa1 Bxa1 65. g6+ hxg6 66. fxg6+ Kxg6 0-1

[Event "Montcalm 5 2025-26"]
[Site "Quebec CAN"]
[Date "2026.02.26"]
[Round "3"]
[White "Cantin, Guillaume"]
[Black "Lamini, Cedric"]
[Result "0-1"]
[WhiteElo "1629"]
[BlackElo "1659"]
[WhiteFideId "-1"]
[BlackFideId "-1"]
[PlyCount "52"]
[GameId "2283952154399080"]
[EventDate "2026.02.12"]
[EventType "swiss"]
[EventRounds "5"]
[EventCountry "CAN"]

1. d4 f5 2. Bg5 Nf6 3. Nf3 b6 4. g3 Bb7 5. Bg2 e6 6. O-O Be7 7. c4 Ne4 8. Bxe7 Qxe7 9. Nc3 Nxc3 10. bxc3 d6 11. Re1 Nd7 12. d5 e5 13. e4 fxe4 14. Rxe4 Nc5 15. Nxe5 dxe5 16. Qh5+ g6 17. Qxe5 Qxe5 18. Rxe5+ Kf7 19. Re3 Rhe8 20. Rf1 Rad8 21. Rfe1 Rxe3 22. fxe3 Ba6 23. Rf1+ Kg7 24. Rf4 Rf8 25. Rd4 Na4 26. e4 Nxc3 0-1

[Event "Montcalm 5 2025-26"]
[Site "Quebec CAN"]
[Date "2026.02.26"]
[Round "3"]
[White "Sarra-Bournet, Marc"]
[Black "Dumont, Eric"]
[Result "0-1"]
[WhiteElo "1731"]
[BlackElo "1648"]
[WhiteFideId "-1"]
[BlackFideId "-1"]
[PlyCount "81"]
[GameId "2283952154399081"]
[EventDate "2026.02.12"]
[EventType "swiss"]
[EventRounds "5"]
[EventCountry "CAN"]

1. e4 c6 2. d4 d5 3. Nc3 dxe4 4. Nxe4 Nd7 5. Bc4 Ndf6 6. Qf3 Qxd4 7. Bxf7+ Kxf7 8. Ng5+ Ke8 9. Ne2 Qd5 10. Qg3 Bg4 11. f3 Bf5 12. Be3 e5 13. Rd1 Qa5+ 14. c3 Ne7 15. b4 Qc7 16. Nd4 Nfd5 17. Nxf5 Nxf5 18. Ne6 Nxg3 19. Nxc7+ Nxc7 20. hxg3 Nd5 21. Bd2 Rd8 22. Ke2 Be7 23. a3 Nb6 24. Rh5 Nc4 25. Bc1 Rxd1 26. Kxd1 Kf7 27. Ke2 b5 28. Rh1 Kg6 29. f4 Bd6 30. Rf1 exf4 31. gxf4 Rf8 32. g4 Re8+ 33. Kf3 h6 34. f5+ Kf7 35. Rd1 Be5 36. g5 hxg5 37. Bxg5 Bf6 38. Bxf6 Kxf6 39. Kf4 Re5 40. Rd7 Rxf5+ 41. Kg4 0-1

[Event "Montcalm 5 2025-26"]
[Site "Quebec CAN"]
[Date "2026.02.26"]
[Round "3"]
[White "Pepin, Pierre-Luc"]
[Black "Lapierre, Gaetan"]
[Result "0-1"]
[WhiteElo "1186"]
[BlackElo "1636"]
[WhiteFideId "-1"]
[BlackFideId "-1"]
[PlyCount "48"]
[GameId "2283952154399082"]
[EventDate "2026.02.12"]
[EventType "swiss"]
[EventRounds "5"]
[EventCountry "CAN"]

1. d4 Nf6 2. g3 d5 3. Nd2 Nc6 4. c3 e5 5. e3 Bd6 6. a3 O-O 7. Bg2 exd4 8. cxd4 Re8 9. Ne2 Bg4 10. Nf3 h6 11. O-O Qd7 12. Re1 b5 13. b4 a5 14. bxa5 Nxa5 15. Nd2 Nc4 16. Nxc4 bxc4 17. Qc2 Bf5 18. Qd2 Ne4 19. Qd1 Bh3 20. Bxe4 dxe4 21. Qc2 Qg4 22. f4 exf3 23. Nc3 Bxg3 24. hxg3 Qxg3+ 0-1

[Event "Montcalm 5 2025-26"]
[Site "Quebec CAN"]
[Date "2026.02.26"]
[Round "3"]
[White "Simard, Rejean"]
[Black "Boissinot, Claude"]
[Result "0-1"]
[WhiteElo "1013"]
[BlackElo "1356"]
[WhiteFideId "-1"]
[BlackFideId "-1"]
[PlyCount "94"]
[GameId "2283952154399083"]
[EventDate "2026.02.12"]
[EventType "swiss"]
[EventRounds "5"]
[EventCountry "CAN"]

1. d4 Nf6 2. Nf3 e6 3. g3 Be7 4. Bg2 d5 5. O-O O-O 6. Nbd2 Nc6 7. c3 b6 8. Re1 Bb7 9. b3 Bd6 10. Bb2 Re8 11. c4 Ne4 12. Nxe4 dxe4 13. Nd2 f5 14. e3 Qf6 15. Bf1 Ne7 16. Bg2 Ng6 17. Qc2 Qf7 18. Nb1 e5 19. Nd2 c5 20. d5 a5 21. a4 Rac8 22. Rf1 Rc7 23. f3 exf3 24. Rxf3 Ne7 25. Raf1 g6 26. Nb1 h5 27. Na3 Ba6 28. Nb5 Bxb5 29. axb5 Qh7 30. h4 e4 31. Rf4 Bxf4 32. exf4 Nc8 33. Be5 Rd7 34. Rd1 Nd6 35. Bf1 Nf7 36. Qb2 g5 37. hxg5 h4 38. Rd2 hxg3 39. Bg2 Nxe5 40. fxe5 f4 41. e6 Rg7 42. Qe5 f3 43. d6 fxg2 44. Rxg2 Qh5 45. Qxg3 Qd1+ 46. Kf2 Rf8+ 47. Ke3 Qd3# 0-1

[Event "Montcalm 5 2025-26"]
[Site "Quebec CAN"]
[Date "2026.03.05"]
[Round "4"]
[White "Berube, Antoine"]
[Black "Rainfray, Arnaud"]
[Result "1-0"]
[WhiteElo "2214"]
[BlackElo "2336"]
[WhiteFideId "-1"]
[BlackFideId "-1"]
[PlyCount "121"]
[GameId "2285107544285287"]
[EventDate "2026.02.12"]
[EventType "swiss"]
[EventRounds "5"]
[EventCountry "CAN"]

1. d4 d5 2. c4 dxc4 3. Nf3 Nf6 4. e3 e6 5. Bxc4 a6 6. O-O c5 7. Re1 b5 8. Bb3 Bb7 9. a4 b4 10. Nbd2 Nc6 11. Nc4 Be7 12. dxc5 Bxc5 13. Qe2 O-O 14. Rd1 Qe7 15. Bd2 Rfd8 16. Be1 h6 17. h3 Rxd1 18. Rxd1 Rd8 19. Rxd8+ Qxd8 20. Qd1 Qc7 21. Qd3 Nb8 22. Nfe5 Be4 23. Qe2 Nbd7 24. Nxd7 Nxd7 25. Bc2 Bd5 26. Bd3 a5 27. Bd2 Be7 28. e4 Bxc4 29. Bxc4 Nc5 30. b3 Qe5 31. Be3 Nxe4 32. Bb6 Bd6 33. g3 Bc5 34. Bxc5 Qa1+ 35. Kg2 Nxc5 36. Qe3 Nd7 37. Bxe6 Nf6 38. Bc4 Qb1 39. Qa7 Qe4+ 40. Kh2 Qf3 41. Qxf7+ Kh7 42. Kg1 Qf5 43. Kg2 Qe4+ 44. Kh2 Qf5 45. Qa7 h5 46. Qe3 Kh8 47. Qd4 Qf3 48. Qd8+ Kh7 49. Qd3+ Qxd3 50. Bxd3+ Kg8 51. Kg2 g5 52. Kf3 Kf7 53. Ke3 Ke6 54. Kd4 Kd6 55. h4 gxh4 56. gxh4 Ng4 57. Be2 Nxf2 58. Bxh5 Nh3 59. Ke4 Nf2+ 60. Ke3 Nh3 61. Bg4 1-0

[Event "Montcalm 5 2025-26"]
[Site "Quebec CAN"]
[Date "2026.03.05"]
[Round "4"]
[White "Plante, Rejean"]
[Black "Bourassa, Samuel"]
[Result "1-0"]
[WhiteElo "1952"]
[BlackElo "1992"]
[WhiteFideId "-1"]
[BlackFideId "-1"]
[PlyCount "79"]
[GameId "2285107544617064"]
[EventDate "2026.02.12"]
[EventType "swiss"]
[EventRounds "5"]
[EventCountry "CAN"]

1. e4 c5 2. Nf3 Nc6 3. d4 cxd4 4. Nxd4 g6 5. Nc3 Bg7 6. Be3 Nf6 7. Bc4 O-O 8. Bb3 d6 9. f3 Bd7 10. Qd2 Ne5 11. O-O-O Rc8 12. Bh6 Nc4 13. Bxc4 Rxc4 14. Bxg7 Kxg7 15. g4 Qa5 16. Nb3 Qc7 17. g5 Nh5 18. Nd5 Qd8 19. Ne3 Rc6 20. e5 Nf4 21. Kb1 Be6 22. Nd4 Ra6 23. a3 Qc7 24. Nb5 Qc5 25. exd6 exd6 26. Qd4+ Kg8 27. Nxd6 Qxd4 28. Rxd4 Rd8 29. Rhd1 Nh3 30. Ne4 Rxd4 31. Rxd4 Ra5 32. b4 Rxa3 33. f4 Kg7 34. Nf6 h6 35. Ne8+ Kh8 36. gxh6 Kh7 37. f5 Ba2+ 38. Kb2 Rxe3 39. Nf6+ Kxh6 40. Ng4+ 1-0